000 00563nam a2200193Ia 4500
005 20250923144623.0
008 008 250917s9999 xx 000 0 eng d
037 _aTextual
040 _aDSWL
_beng
_cDSWL
041 _aeng
_2eng
084 _aW:2843:N5, J8
_qDSWL
245 0 _aOrganiation of the Governement of India
_cby Indian Intitute of Public Administration
260 _aNew Delhi
_bAsia Pub. House
_c1958
300 _axii,416p.
365 _aINR
_b20
925 _g20
942 _cTEXL
_hW:2843:N5, J8
999 _c1441266
_d1441266